000 00391nam a2200145Ia 4500
008 240729s9999 xx 000 0 und d
022 _a2667-0526
245 0 _aNigerian Journal of Medicine
260 _aIndia
260 _bWolters Kluwer Medknow Publications
650 _aMedicine
856 _uhttps://doaj.org/toc/4f5cfc55168c4ea6b328a5f81ca69cce
942 _2ddc
942 _cDOAJEJ
999 _c69305
_d69305
945 _a1
_bMadushi Gamage
_c1
_dMadushi Gamage